00627nam a22001937a 450000500170000000800410001702000180005804000180007608200200009410000230011424500740013725000120021126000570022330000290028065000220030965000320033165000390036365000310040220250429111259.0250429b |||||||| |||| 00| 0 eng d a9789386668554 cAIMIT LIBRARY 22a658.15bPARN aParasuraman, N. R. aFinancial Management :bstep by step approach /cBy N.R. Parasuraman. a2nd ed. aNew Delhi :bCengage Learning India Pvt Ltd ,c2023. axxv,803p.;bPBc26.5 cm. aCapital budgeting aWorking capital managemenrt aFinancial planning and forecasting aAdvanced topics in finance